000 00343nam a2200145Ia 4500
005 20251222151312.0
008 251222s9999||||xx |||||||||||||| ||spa||
020 _a8420634115
082 _a823.914/G59
100 _aGolding, William
245 0 _aEl SeƱor de las Moscas
250 _a1ra.ed.
264 _bAlianza Editorial
942 _cLIB
999 _c23394
_d23394